Le saint et son milieu ou comment lire les sources hagiographiques /

محفوظ في:

مؤلفون آخرون: Chih, Rachida, 1965-, Gril, Denis.

التنسيق: كتاب

اللغة: French
English
Arabic

منشور في: Le Caire : Institut français d'archéologie orientale, 2000.

سلاسل: Cahier des Annales Islamologiques ; 19.
CAI, 19.

الموضوعات:

الوسوم: إضافة وسم

لا توجد وسوم, كن أول من يضع وسما على هذه التسجيلة!

رقم الطلب: DS41 .C24 v.19

LEADER 01360namaa2200361 4500
001 20706
003 OSt
005 20241002062219.0
008 130303s2000 ua 100 0 fre d
952 |0 0  |1 0  |2 lcc  |3 V.19  |4 0  |6 DS0041 C24 V.00019  |7 1  |9 8829  |a ARCE  |b ARCE  |d 2020-12-26  |l 0  |o DS41 .C24 v.19  |p 1018355  |r 2020-12-26 00:00:00  |w 2020-12-26  |y BK 
999 |c 17163  |d 17163 
020 |a 272470276X 
040 |c ARCE Library 
041 0 |a eng  |a fre  |a ara  
050 4 |a DS41 .C24 v.19 
245 0 3 |a Le saint et son milieu ou comment lire les sources hagiographiques /   |c éd. par Rachida Chih, Denis Gril. 
246 1 0 |a Comment lire les sources hagiographiques. 
264 1 |a Le Caire :  |b Institut français d'archéologie orientale,  |c 2000.  
300 |a 214, 31 pages ;   |c 28 cm.  
336 |2 rdacontent  |a text  |b txt 
337 |2 rdamedia  |a unmediated  |b n 
338 |2 rdacarrier  |a volume  |b n 
490 0 |a Cahier des Annales Islamologiques ;   |v 19. 
490 0 |a CAI,   |x 0254-282X ;   |v 19. 
546 |a Contributions chiefly in French, one in English and two in Arabic.  
650 0 |a Islamic hagiography  |v Congresses.  
650 0 |a Hagiography  |v Congresses.  
650 0 |a Muslim saints  |v Congresses.  
650 0 |a Coptic Christian saints  |v Congresses.  
700 1 |a Chih, Rachida,   |d 1965- 
700 1 |a Gril, Denis.   |9 31121 
901 |a reviewed 
942 |c BK  |2 lcc